Survey on applying on traditional medicine for castle in target areas of avsf and hiefer organization; ការសិក្សាលើការប្រើប្រាស់ឱសថបុរាណក្នុងការព្យាបាលជំងឺគោក្របីនៅតាមតំបន់គោលដៅរបស់អង្គការ AVSF និង HIEFER (Record no. 8941)

000 -LEADER
fixed length control field 00692nam a22001337a 4500
040 ## - CATALOGING SOURCE
Transcribing agency RUA
082 ## - DEWEY DECIMAL CLASSIFICATION NUMBER
Classification number VEM OUN 2015 B509 Or.
100 ## - MAIN ENTRY--AUTHOR NAME
Personal name OUNG NANNTHA; អ៊ុង ណាន់ថា
245 ## - TITLE STATEMENT
Title Survey on applying on traditional medicine for castle in target areas of avsf and hiefer organization; ការសិក្សាលើការប្រើប្រាស់ឱសថបុរាណក្នុងការព្យាបាលជំងឺគោក្របីនៅតាមតំបន់គោលដៅរបស់អង្គការ AVSF និង HIEFER
260 ## - PUBLICATION, DISTRIBUTION, ETC. (IMPRINT)
Place of publication Phnom Penh
Name of publisher RUA
Year of publication 2015
300 ## - PHYSICAL DESCRIPTION
Number of Pages vii;40p.
Other physical details ill.
Dimensions 29cm.
856 ## - ELECTRONIC LOCATION AND ACCESS
Uniform Resource Identifier OUNG NANNTHA
942 ## - ADDED ENTRY ELEMENTS (KOHA)
Koha item type VEM
952 ## - LOCATION AND ITEM INFORMATION (KOHA)
Withdrawn status [LOCAL, KOHA] 0
952 ## - LOCATION AND ITEM INFORMATION (KOHA)
Withdrawn status [LOCAL, KOHA] 0
952 ## - LOCATION AND ITEM INFORMATION (KOHA)
Withdrawn status [LOCAL, KOHA] 0
952 ## - LOCATION AND ITEM INFORMATION (KOHA)
Withdrawn status [LOCAL, KOHA] 0
952 ## - LOCATION AND ITEM INFORMATION (KOHA)
Withdrawn status [LOCAL, KOHA] 0
952 ## - LOCATION AND ITEM INFORMATION (KOHA)
Withdrawn status [LOCAL, KOHA] 0
952 ## - LOCATION AND ITEM INFORMATION (KOHA)
Withdrawn status [LOCAL, KOHA] 0
952 ## - LOCATION AND ITEM INFORMATION (KOHA)
Withdrawn status [LOCAL, KOHA] 0
952 ## - LOCATION AND ITEM INFORMATION (KOHA)
Withdrawn status [LOCAL, KOHA] 0
952 ## - LOCATION AND ITEM INFORMATION (KOHA)
Withdrawn status [LOCAL, KOHA] 0
952 ## - LOCATION AND ITEM INFORMATION (KOHA)
Withdrawn status [LOCAL, KOHA] 0
Holdings
Permanent Location Date acquired Koha item type Lost status Barcode Shelving location Current Location Full call number
Library Block B2016-08-19VEM RUA060932 Library Block BVEM OUN 2015 B509 Or.1
Library Block B2016-08-19VEM RUA060631 Library Block BVEM OUN 2015 B509 Or.2
Library Block B2016-08-19VEM RUA060691 Library Block BVEM OUN 2015 B509 Or.3
Library Block B2016-08-19VEM RUA060633 Library Block BVEM OUN 2015 B509 Or.4
Library Block B2016-08-19VEM RUA060716 Library Block BVEM OUN 2015 B509 Or.5
Library Block B2016-08-19VEM RUA060811 Library Block BVEM OUN 2015 B509 Or.6
Library Block B2016-08-19VEM RUA060692 Library Block BVEM OUN 2015 B509 Or.7
Library Block B2016-08-19VEM RUA060632 Library Block BVEM OUN 2015 B509 Or.8
Library Block B2021-11-08VEM A066995B690Library Block BVEM OUN 2015 B690 Or.
Library Block B2021-11-08VEM a066959B690Library Block BVEM OUN 2015 B690 Or.
Library Block B2021-11-08VEM a066767B690Library Block BVEM OUN 2015 B690 Or.
មជ្ឈមណ្ឌលឯការនៃសាកលវិទ្យាល័យភូមិន្ទកសិកម្មចំការដូង

Powered by Koha